| 000 | 01920cpcaa2200349 4500 | ||
|---|---|---|---|
| 001 | mm 80082277 | ||
| 003 | DLC | ||
| 005 | 20260227111705.0 | ||
| 007 | cr ||||||||||| | ||
| 008 | 810119|||||||||||| a eng | ||
| 010 | _amm 80082277 | ||
| 040 |
_aDLC _cDLC _edacs _dDLC |
||
| 072 | 7 |
_aR _2lcmd |
|
| 245 | 0 | 0 |
_aFloyd-McAdoo families papers, _f1806-1894. |
| 300 |
_a6 _fmicrofilm reels. |
||
| 506 | 0 | _aOpen to research. | |
| 520 | 8 | _aDiaries, letterbooks, and other papers of Charles Rinaldo Floyd, John Floyd, Mary Faith Floyd McAdoo, and W.G. McAdoo. | |
| 533 |
_aMicrofilm of originals produced with permission of Brice Clagett. _bWashington, D.C. : _cLibrary of Congress Photoduplication Service, _d1960. |
||
| 535 | 1 | _aPrivate | |
| 545 | 0 | _aMembers of the Floyd and McAdoo families. John Floyd, U.S. Army officer; his son, Charles Rinaldo Floyd, U.S. Army officer; Charles's daughter, Mary Faith Floyd McAdoo, novelist; and her husband, W.G. McAdoo, U.S. and Confederate Army officer and lawyer. | |
| 546 | _aCollection material in English. | ||
| 555 | 8 |
_aFinding aid available in the Library of Congress Manuscript Reading Room and at _uhttp://hdl.loc.gov/loc.mss/eadmss.ms010065 |
|
| 600 | 3 | 0 | _aFloyd family. |
| 600 | 3 | 0 | _aMcAdoo family. |
| 700 | 1 |
_aFloyd, Charles Rinaldo, _d1797-1845. _tCharles Rinaldo Floyd papers. _f1816-1845. |
|
| 700 | 1 |
_aFloyd, John, _d1769-1839. _tJohn Floyd letterbooks and estate book. _f1806-1830. |
|
| 700 | 1 |
_aMcAdoo, Mary Faith Floyd, _d1832-1913. _tMary Faith Floyd McAdoo diaries. _f1870-1891. |
|
| 700 | 1 |
_aMcAdoo, W. G. _q(William Gibbs), _d1820-1894. _tW.G. McAdoo diaries. _f1846-1894. |
|
| 856 | 4 |
_3Finding aid _uhttp://hdl.loc.gov/loc.mss/eadmss.ms010065 |
|
| 856 | 4 |
_3Finding aid (PDF) _uhttp://hdl.loc.gov/loc.mss/eadmss.ms010065.3 |
|
| 999 |
_c42948 _d42948 |
||